000 00285nam a2200121Ia 4500
005 20251222143111.0
008 251222s9999||||xx |||||||||||||| ||spa||
082 _a869.56/Z47P
100 _aZavaleta, Carlos Eduardo
245 0 _aEl Padre del Tigre:
264 _bLluvia
942 _cLIB
999 _c11159
_d11159